[Event "Victoria-ch"]
[Site "Victoria CAN"]
[Date "2022.03.06"]
[Round "5.3"]
[White "Webb, Alexander"]
[Black "Mingrone, Peter"]
[Result "0-1"]
[WhiteElo "1180"]
[BlackElo "1376"]
[PlyCount "104"]
[EventDate "2022.03.05"]
[EventType "swiss"]
[EventRounds "6"]
[EventCountry "CAN"]

1. e4 g6 2. d4 Bg7 3. Nc3 c6 4. f4 d5 5. e5 Nh6 6. Nf3 f6 7. Be2 O-O 8. O-O Bg4
9. h3 Bxf3 10. Bxf3 fxe5 11. dxe5 e6 12. Ne2 Nf5 13. b3 Nd7 14. Kh2 g5 15. g3
Kh8 16. Bg4 Qe7 17. Nd4 Nxd4 18. Qxd4 Nxe5 19. fxe5 Rxf1 20. Bxg5 Qf8 21. Bf6
Rxf6 22. exf6 Bxf6 23. Qd1 Bxa1 24. Qxa1+ Qg7 25. Qxg7+ Kxg7 26. Bxe6 Kf6 27.
Bg4 Re8 28. Kg2 d4 29. Kf2 Re3 30. Be2 h6 31. h4 Ke5 32. Bd3 b5 33. a3 a6 34.
h5 c5 35. g4 Kf4 36. Bf5 a5 37. Bd7 b4 38. a4 Rg3 39. Ke2 Rc3 40. Bf5 Ke5 41.
Bd3 Kf4 42. Bf5 d3+ 43. Bxd3 Kxg4 44. Bg6 Kf4 45. Bd3 Kg4 46. Bg6 Rh3 47. Kd2
Kf4 48. Ke2 Ke5 49. Kd2 Kd4 50. Ke2 Kc3 51. Kf2 Rh2+ 52. Kg3 Rxc2 0-1

[Event "Victoria-ch"]
[Site "Victoria CAN"]
[Date "2022.03.06"]
[Round "6.1"]
[White "Patterson, Roger"]
[Black "Huang, Patrick"]
[Result "0-1"]
[WhiteElo "2078"]
[BlackElo "2240"]
[PlyCount "46"]
[EventDate "2022.03.05"]
[EventType "swiss"]
[EventRounds "6"]
[EventCountry "CAN"]

1. c4 b6 2. Nc3 Bb7 3. e3 e6 4. Nf3 Nf6 5. Be2 Be7 6. O-O O-O 7. b3 d5 8. Bb2
c5 9. cxd5 exd5 10. d4 Nbd7 11. Rc1 Rc8 12. Qd3 a6 13. Rfd1 c4 14. bxc4 dxc4
15. Qb1 b5 16. a3 Qa5 17. Qa1 Qb6 18. Ne5 Rfd8 19. Nxd7 Rxd7 20. d5 Nxd5 21.
Nxd5 Rxd5 22. Rxd5 Bxd5 23. Bxg7 Qg6 0-1

[Event "Victoria-ch"]
[Site "Victoria CAN"]
[Date "2022.03.06"]
[Round "6.2"]
[White "Mingrone, Peter"]
[Black "Cordon, Ian"]
[Result "0-1"]
[WhiteElo "1376"]
[BlackElo "1968"]
[PlyCount "58"]
[EventDate "2022.03.05"]
[EventType "swiss"]
[EventRounds "6"]
[EventCountry "CAN"]

1. e4 c6 2. d4 d5 3. e5 Bf5 4. Nc3 e6 5. g4 Bg6 6. Nge2 c5 7. h4 h6 8. Be3 Nc6
9. Nf4 Bh7 10. Bb5 cxd4 11. Bxd4 Nge7 12. Bc5 a6 13. Bxe7 Bxe7 14. Bxc6+ bxc6
15. Ng2 Qb8 16. Qd4 Bxc2 17. O-O c5 18. Qd2 Bh7 19. Rae1 O-O 20. g5 hxg5 21.
hxg5 Qb4 22. f4 d4 23. Ne4 Qxd2 24. Nxd2 c4 25. Rf3 Bb4 26. Re2 Rac8 27. a3 Ba5
28. Nh4 Bb6 29. Kf1 Bd3 0-1

[Event "Victoria-ch"]
[Site "Victoria CAN"]
[Date "2022.03.06"]
[Round "6.3"]
[White "Yonkman, Trevor"]
[Black "McLean, Jimmy"]
[Result "1-0"]
[WhiteElo "1393"]
[BlackElo "1347"]
[PlyCount "75"]
[EventDate "2022.03.05"]
[EventType "swiss"]
[EventRounds "6"]
[EventCountry "CAN"]

1. e4 c5 2. Nf3 Nc6 3. d4 cxd4 4. Nxd4 g6 5. c4 Bg7 6. Be3 Nf6 7. Nc3 O-O 8.
Be2 b6 9. Qd2 Bb7 10. f3 Qc8 11. g4 Ne5 12. Nd5 Bxd5 13. cxd5 d6 14. Rc1 Qb7
15. Bb5 Rac8 16. Bc6 Qa6 17. Rc3 Rc7 18. Bb5 Qb7 19. Rxc7 Qxc7 20. Bc6 a6 21.
b3 a5 22. Ke2 Nfd7 23. Bh6 Nxc6 24. Bxg7 Kxg7 25. Nxc6 Ne5 26. Rc1 Nxc6 27.
Rxc6 Qb7 28. Qd4+ f6 29. Qxb6 Qxb6 30. Rxb6 Ra8 31. Kd3 a4 32. b4 a3 33. b5 Kf7
34. Ra6 Rb8 35. Kc4 Ke8 36. Rxa3 Rb7 37. Ra6 Rc7+ 38. Rc6 1-0

[Event "Winnipeg TNT 2022.10"]
[Site "Winnipeg CAN"]
[Date "2022.10.04"]
[Round "1.1"]
[White "Odugbesan, Michael (Adedapo)"]
[Black "Tays, Quinn"]
[Result "1-0"]
[WhiteElo "2102"]
[BlackElo "1644"]
[PlyCount "31"]
[EventDate "2022.10.04"]
[EventType "swiss"]
[EventRounds "4"]
[EventCountry "CAN"]

1. Nf3 g6 2. d4 Nf6 3. Bf4 Bg7 4. e3 d6 5. Bc4 O-O 6. Nbd2 Nbd7 7. h3 Re8 8.
Bxf7+ Kxf7 9. Ng5+ Kg8 10. Ne6 c5 11. Nxd8 Rxd8 12. c3 e5 13. dxe5 dxe5 14. Bh2
b6 15. O-O Bb7 16. Re1 1-0

[Event "Winnipeg TNT 2022.10"]
[Site "Winnipeg CAN"]
[Date "2022.10.04"]
[Round "1.5"]
[White "Bonness, Will"]
[Black "Hansima, Charitha"]
[Result "0-1"]
[WhiteElo "1877"]
[BlackElo "1264"]
[PlyCount "103"]
[EventDate "2022.10.04"]
[EventType "swiss"]
[EventRounds "4"]
[EventCountry "CAN"]

1. e4 d5 2. exd5 Qxd5 3. Nc3 Qa5 4. d4 c6 5. Nf3 Nf6 6. Bc4 Bf5 7. O-O e6 8.
Bd2 Qc7 9. Ne5 Bd6 10. Bf4 O-O 11. Bg3 Nbd7 12. Nxd7 Qxd7 13. Ne2 Rad8 14. c3
Bg4 15. Qc2 Bxe2 16. Bxe2 Bxg3 17. hxg3 c5 18. Rad1 cxd4 19. Rxd4 Qc7 20. Rfd1
Rd5 21. Bf3 Rxd4 22. Rxd4 b6 23. Qd3 h6 24. Qc4 Qxc4 25. Rxc4 Rd8 26. a4 Kf8
27. Rc7 Rd7 28. Rxd7 Nxd7 29. Kf1 Nc5 30. Bc6 Ke7 31. b4 Kd6 32. Be8 Ne4 33.
Bxf7 Nxc3 34. Be8 Nd5 35. Ke2 Nxb4 36. Kd2 Kc5 37. Kc3 a5 38. f4 Nd5+ 39. Kd3
Nc7 40. Bh5 b5 41. axb5 Nxb5 42. Ke4 Kd6 43. f5 e5 44. Kd3 Kc5 45. Ke4 Kd6 46.
Ke3 Nd4 47. Ke4 a4 48. Bf7 a3 49. Kd3 Nxf5 50. g4 Nd4 51. Ke4 g6 52. Ba2 0-1

[Event "Winnipeg TNT 2022.10"]
[Site "Winnipeg CAN"]
[Date "2022.10.04"]
[Round "1.6"]
[White "Mandusic, Ante"]
[Black "Atem, James"]
[Result "0-1"]
[WhiteElo "1225"]
[BlackElo "1807"]
[PlyCount "56"]
[EventDate "2022.10.04"]
[EventType "swiss"]
[EventRounds "4"]
[EventCountry "CAN"]

1. d4 c5 2. dxc5 Qa5+ 3. c3 Qxc5 4. Be3 Qb5 5. Qc2 e5 6. Nd2 d5 7. Ngf3 Nc6 8.
g3 Nf6 9. Bg2 Ng4 10. a4 Nxe3 11. fxe3 Qb6 12. O-O Qxe3+ 13. Rf2 Bc5 14. Nd4
exd4 15. cxd4 Nxd4 16. Qxc5 Nxe2+ 17. Kf1 Qxc5 18. Kxe2 O-O 19. Nb3 Bg4+ 20.
Bf3 Bxf3+ 21. Kxf3 Qc4 22. Kg2 Qxb3 23. Ra3 Qd1 24. b4 Rfe8 25. Raf3 Re1 26. a5
Rae8 27. Rf1 R8e2+ 28. R3f2 Rxf1 0-1

[Event "Winnipeg TNT 2022.10"]
[Site "Winnipeg CAN"]
[Date "2022.10.04"]
[Round "1.7"]
[White "Annakkage, Udaya"]
[Black "March, John"]
[Result "0-1"]
[WhiteElo "1800"]
[BlackElo "1072"]
[PlyCount "102"]
[EventDate "2022.10.04"]
[EventType "swiss"]
[EventRounds "4"]
[EventCountry "CAN"]

1. e4 c6 2. d4 d5 3. exd5 cxd5 4. Nf3 Nf6 5. Bd3 g6 6. O-O Bg7 7. Bg5 O-O 8. c3
Nbd7 9. Re1 e6 10. Nbd2 Qb6 11. Nb3 Qd6 12. Qd2 a6 13. h3 b5 14. Rac1 Bb7 15.
Na5 Qb6 16. Nb3 a5 17. Qe2 a4 18. Na1 Ra5 19. Nc2 Ne4 20. Bxe4 dxe4 21. Nd2 f5
22. Nb4 Nf6 23. Bxf6 Bxf6 24. Qe3 Bd5 25. Qg3 Be7 26. Nxd5 exd5 27. f3 Bd6 28.
Qg5 Ra7 29. h4 Be7 30. Qg3 h5 31. Re2 Qf6 32. Rf1 Qxh4 33. Qxg6+ Kh8 34. fxe4
fxe4 35. Qh6+ Kg8 36. Qe6+ Kg7 37. Rxf8 Bxf8 38. Qxd5 Ra5 39. Qe5+ Qf6 40.
Qxf6+ Kxf6 41. Nxe4+ Kf5 42. Rf2+ Kxe4 43. Rxf8 Kd3 44. d5 Ra6 45. Rd8 Kc2 46.
d6 Kxb2 47. d7 Rd6 48. c4 bxc4 49. Rb8+ Kxa2 50. d8=Q Rxd8 51. Rxd8 c3 0-1

[Event "Winnipeg TNT 2022.10"]
[Site "Winnipeg CAN"]
[Date "2022.10.11"]
[Round "2.2"]
[White "March, John"]
[Black "Magnusson, Saul"]
[Result "0-1"]
[WhiteElo "1072"]
[BlackElo "2036"]
[PlyCount "66"]
[EventDate "2022.10.04"]
[EventType "swiss"]
[EventRounds "4"]
[EventCountry "CAN"]
[TimeControl "90+5"]

1. c4 g6 2. g3 c5 3. Bg2 Bg7 4. Nf3 Nc6 5. O-O d6 6. e3 Bf5 7. Nc3 Bd3 8. Re1
Bxc4 9. Qa4 Be6 10. Ng5 Bd7 11. Qc4 Nh6 12. a3 Ne5 13. Qe4 Bc6 14. Qf4 Nd3 15.
Bxc6+ bxc6 16. Qe4 Nxe1 17. Qxc6+ Kf8 18. Rb1 Nd3 19. b4 Nxc1 20. Rxc1 Rc8 21.
Qb7 Qc7 22. Qf3 Bf6 23. Nce4 Qc6 24. Qf4 Qd5 25. d4 Qf5 26. b5 Qxf4 27. exf4
Bxd4 28. Rb1 Ng4 29. h3 Nf6 30. Nxf6 Bxf6 31. a4 Rb8 32. a5 Bc3 33. a6 Bb4 0-1

[Event "Winnipeg TNT 2022.10"]
[Site "Winnipeg CAN"]
[Date "2022.10.11"]
[Round "2.8"]
[White "Mandusic, Ante"]
[Black "Pearce, Thomas"]
[Result "0-1"]
[WhiteElo "1225"]
[BlackElo "1682"]
[PlyCount "64"]
[EventDate "2022.10.04"]
[EventType "swiss"]
[EventRounds "4"]
[EventCountry "CAN"]

1. e4 c5 2. d3 d6 3. Nf3 Bg4 4. Nc3 a6 5. Bd2 Nf6 6. g3 e5 7. Bg2 Nc6 8. O-O
Be7 9. h3 Be6 10. a3 h6 11. b4 c4 12. a4 cxd3 13. cxd3 Nxb4 14. Qb1 d5 15. a5
Qd6 16. Re1 Rb8 17. Ra4 b5 18. axb6 Rxb6 19. d4 Qb8 20. dxe5 Nc6 21. Qd3 dxe4
22. Nxe4 Nxe4 23. Qxe4 O-O 24. Be3 Rb4 25. Rxb4 Nxb4 26. Rb1 a5 27. Ra1 Qa8 28.
Qb1 Qd8 29. Nd4 Bd5 30. Bf1 Ba8 31. Nb3 Qd5 32. Nxa5 Qh1# 0-1

[Event "Winnipeg TNT 2022.10"]
[Site "Winnipeg CAN"]
[Date "2022.10.18"]
[Round "3.2"]
[White "Magnusson, Saul"]
[Black "Einarsson, Ken"]
[Result "1-0"]
[WhiteElo "2036"]
[BlackElo "1798"]
[PlyCount "89"]
[EventDate "2022.10.04"]
[EventType "swiss"]
[EventRounds "4"]
[EventCountry "CAN"]
[TimeControl "90+5"]

1. e4 c6 2. Nc3 d5 3. Nf3 Bg4 4. h3 Bh5 5. g4 Bg6 6. exd5 cxd5 7. Bb5+ Nc6 8.
d4 e6 9. Ne5 Nge7 10. h4 a6 11. Bxc6+ bxc6 12. h5 Be4 13. Nxe4 dxe4 14. Be3 Qd5
15. Qd2 f6 16. c4 Qd6 17. Bf4 fxe5 18. Bxe5 Qd7 19. f3 exf3 20. O-O Nd5 21.
cxd5 Qxd5 22. Qf4 c5 23. Rxf3 Ra7 24. Rc1 Rd7 25. Rcf1 Bd6 26. Bxd6 Qxd6 27.
Qxd6 Rxd6 28. dxc5 Rd5 29. Rf7 Rxc5 30. Ra7 Rd5 31. Re1 O-O 32. Rxe6 Rd1+ 33.
Kg2 Rd2+ 34. Kg3 Rxb2 35. Ree7 Rd8 36. Rxg7+ Kf8 37. Rxh7 Rd3+ 38. Kf4 Kg8 39.
Rhe7 Rb4+ 40. Re4 Rdd4 41. Rxd4 Rxd4+ 42. Kf5 Ra4 43. g5 Rxa2 44. Kf6 Rf2+ 45.
Kg6 1-0

[Event "Winnipeg TNT 2022.10"]
[Site "Winnipeg CAN"]
[Date "2022.10.18"]
[Round "3.3"]
[White "MacPherson, Al"]
[Black "Odugbesan, Michael (Adedapo)"]
[Result "0-1"]
[WhiteElo "1710"]
[BlackElo "2102"]
[PlyCount "86"]
[EventDate "2022.10.04"]
[EventType "swiss"]
[EventRounds "4"]
[EventCountry "CAN"]
[WhiteTeam "CA"]

1. d4 c5 2. d5 e6 3. c4 exd5 4. cxd5 d6 5. Nc3 Nf6 6. e4 Be7 7. f4 O-O 8. Nf3
Bg4 9. Be2 Bxf3 10. Bxf3 Re8 11. O-O Nbd7 12. a4 a6 13. Be3 Bf8 14. g4 Nb6 15.
Qd3 g6 16. g5 Nfd7 17. h4 Bg7 18. h5 f5 19. gxf6 Qxf6 20. hxg6 Qxg6+ 21. Kf2
Nf8 22. Rg1 Qf7 23. Rg4 Kh8 24. Rag1 Ng6 25. Qc2 Nc4 26. Nd1 Nxe3 27. Nxe3 Bd4
28. Rxg6 Qxf4 29. Qd3 hxg6 30. Rh1+ Kg7 31. Ke2 Qxe3+ 32. Qxe3 Bxe3 33. Kxe3
Rh8 34. Rg1 Rh3 35. Ke2 Rh2+ 36. Rg2 Rxg2+ 37. Bxg2 Kf6 38. Ke3 Ke5 39. Kd3 Rh8
40. Kc3 b5 41. axb5 axb5 42. b3 Rh2 43. Bf1 b4+ 0-1

[Event "Winnipeg TNT 2022.10"]
[Site "Winnipeg CAN"]
[Date "2022.10.18"]
[Round "3.5"]
[White "Pearce, Thomas"]
[Black "Boron, Anthony"]
[Result "0-1"]
[WhiteElo "1682"]
[BlackElo "2021"]
[PlyCount "40"]
[EventDate "2022.10.04"]
[EventType "swiss"]
[EventRounds "4"]
[EventCountry "CAN"]

1. d4 Nf6 2. c4 c5 3. Nf3 cxd4 4. g3 Nc6 5. Bg2 e5 6. Bg5 h6 7. Bd2 Be7 8. O-O
a5 9. a3 O-O 10. Qc2 d6 11. e4 Be6 12. Rc1 Qd7 13. Qd3 Bh3 14. Re1 Bxg2 15.
Kxg2 Nh5 16. Rg1 f5 17. h3 Rf7 18. Bc3 Raf8 19. Be1 fxe4 20. Qxe4 Rxf3 0-1

[Event "Winnipeg TNT 2022.10"]
[Site "Winnipeg CAN"]
[Date "2022.10.25"]
[Round "4.1"]
[White "Odugbesan, Michael (Adedapo)"]
[Black "Magnusson, Saul"]
[Result "1-0"]
[WhiteElo "2102"]
[BlackElo "2036"]
[PlyCount "109"]
[EventDate "2022.10.04"]
[EventType "swiss"]
[EventRounds "4"]
[EventCountry "CAN"]

1. d4 Nf6 2. Nf3 g6 3. Bf4 Bg7 4. e3 O-O 5. Bc4 d6 6. h3 c5 7. c3 Qb6 8. Qb3
Nc6 9. Nbd2 Na5 10. Qxb6 axb6 11. Bb5 Bd7 12. Be2 Be6 13. O-O Nc6 14. a3 Na5
15. c4 cxd4 16. exd4 d5 17. Ng5 Bf5 18. Bc7 dxc4 19. Bxb6 Nd7 20. Bxa5 Rxa5 21.
Nxc4 Rb5 22. Nf3 Rd8 23. b4 Rd5 24. Rfd1 Nb8 25. Ne3 R5d6 26. Nxf5 gxf5 27. b5
Nd7 28. Rac1 Nf8 29. Rc7 R6d7 30. Rxd7 Rxd7 31. d5 Ng6 32. b6 Rd6 33. a4 Rxb6
34. Bb5 Ne5 35. Nd4 e6 36. dxe6 fxe6 37. Nb3 Bf8 38. Na5 Bb4 39. Nc4 Nxc4 40.
Bxc4 Kf7 41. Rd7+ Be7 42. Bb5 Kf6 43. Kf1 e5 44. Ke2 Ke6 45. Rc7 Kd6 46. Rc8 h6
47. Rh8 Kd5 48. Rb8 Bd6 49. Re8 Bc7 50. Re7 Bd6 51. Rf7 f4 52. f3 Kc5 53. Kd3
Bb8 54. Ke4 Rd6 55. Rxb7 1-0

[Event "Winnipeg TNT 2022.10"]
[Site "Winnipeg CAN"]
[Date "2022.10.25"]
[Round "4.2"]
[White "Zashev, Aleksandar"]
[Black "Atem, James"]
[Result "1-0"]
[WhiteElo "2081"]
[BlackElo "1807"]
[PlyCount "120"]
[EventDate "2022.10.04"]
[EventType "swiss"]
[EventRounds "4"]
[EventCountry "CAN"]

1. d4 c6 2. e4 e5 3. dxe5 Qa5+ 4. Nc3 Qxe5 5. Nf3 Qc7 6. Bc4 Be7 7. O-O Nf6 8.
e5 Ng4 9. Bf4 h5 10. Bxf7+ Kf8 11. Qd2 Qa5 12. Bb3 Na6 13. Bg5 Bxg5 14. Qxg5
Nc5 15. e6 Nxb3 16. e7+ Kf7 17. Qf4+ Kxe7 18. axb3 Qb6 19. Qg5+ Kf7 20. h3 Nf6
21. Ne5+ Kg8 22. Rfe1 d5 23. Ng6 Rh6 24. Re7 Rh7 25. Rae1 Bd7 26. Qe5 Qd8 27.
Ne2 Qb8 28. Rxd7 Qxe5 29. Nxe5 Nxd7 30. Nxd7 Re8 31. Kf1 b6 32. f4 Rh6 33. Ne5
c5 34. g3 Rhe6 35. h4 g6 36. c3 Kg7 37. Rd1 Rd8 38. Ng1 Red6 39. Ngf3 b5 40.
Ke2 a6 41. Ra1 Kf6 42. b4 cxb4 43. cxb4 d4 44. Kd3 Kf5 45. Nf7 Re6 46. N3e5 Rd5
47. Rc1 g5 48. hxg5 h4 49. Nh6+ Rxh6 50. gxh6 hxg3 51. h7 Rd8 52. Nf7 Rf8 53.
h8=Q Rxh8 54. Nxh8 Kxf4 55. Ng6+ Kg5 56. Rg1 Kg4 57. Ne5+ Kh3 58. Kxd4 g2 59.
Ke3 Kg3 60. Nd3 Kh2 1-0

[Event "Winnipeg TNT 2022.10"]
[Site "Winnipeg CAN"]
[Date "2022.10.25"]
[Round "4.3"]
[White "Boron, Anthony"]
[Black "Stordeur, Jackson"]
[Result "1/2-1/2"]
[WhiteElo "2021"]
[BlackElo "1951"]
[PlyCount "108"]
[EventDate "2022.10.04"]
[EventType "swiss"]
[EventRounds "4"]
[EventCountry "CAN"]

1. d4 d5 2. Nf3 Nf6 3. e3 e6 4. Bd3 c5 5. c3 Nc6 6. Nbd2 Bd6 7. dxc5 Bxc5 8. b4
Bd6 9. a3 O-O 10. O-O Qc7 11. Bb2 e5 12. e4 dxe4 13. Nxe4 Nxe4 14. Bxe4 Bg4 15.
Bxh7+ Kh8 16. Bd3 e4 17. Bxe4 Bxh2+ 18. Kh1 Qf4 19. Qc1 Qxe4 20. Kxh2 Bxf3 21.
gxf3 Qxf3 22. Qg5 f6 23. Qg3 Qxg3+ 24. Kxg3 Ne5 25. Rad1 Nc4 26. Bc1 Rfd8 27.
a4 Rac8 28. f4 Nd6 29. Bb2 Ne4+ 30. Kg2 Kh7 31. Rfe1 f5 32. Kf3 Kg6 33. Rg1+
Kf7 34. Ke3 Nd6 35. Ba1 Nc4+ 36. Ke2 Re8+ 37. Kf2 Rcd8 38. Rd4 Rxd4 39. cxd4
Re4 40. Rc1 Rxf4+ 41. Kg1 Rg4+ 42. Kf2 Nd6 43. Rc7+ Ke6 44. d5+ Kxd5 45. Bxg7
Rxb4 46. Bf8 Ke6 47. a5 Ne4+ 48. Kf3 Ng5+ 49. Ke2 Rb2+ 50. Kd3 Ne4 51. a6 Rd2+
52. Ke3 bxa6 53. Re7+ Kf6 54. Rxe4 fxe4 1/2-1/2

[Event "Zoltan Bodnar mem."]
[Site "Winnipeg CAN"]
[Date "2022.12.06"]
[Round "1.1"]
[White "Vaughan, Nathan"]
[Black "Baron, Gustav"]
[Result "0-1"]
[WhiteElo "1582"]
[BlackElo "2083"]
[PlyCount "66"]
[EventDate "2022.12.06"]
[EventType "swiss"]
[EventRounds "4"]
[EventCountry "CAN"]

1. e4 c5 2. Nf3 e6 3. d4 cxd4 4. Nxd4 a6 5. Bd3 Qc7 6. Nc3 Bb4 7. Bd2 Nf6 8.
Qe2 d6 9. f4 Nbd7 10. g4 g6 11. g5 Nh5 12. O-O-O b5 13. Nf5 Bb7 14. Nh6 Rf8 15.
Rhf1 O-O-O 16. Bxb5 Nc5 17. Bd3 d5 18. Kb1 d4 19. Nb5 Qa5 20. Bxb4 Qxb4 21. c3
dxc3 22. Nxc3 Rd6 23. a3 Qa5 24. b4 Qb6 25. Qc2 Kb8 26. Rf3 Rc8 27. Na4 Nxa4
28. Qxa4 Rxd3 29. Rdxd3 Bxe4 30. Qd1 Qd4 31. Ka2 Bxd3 32. Rxd3 Qf2+ 33. Qd2
Rc2+ 0-1

[Event "Zoltan Bodnar mem."]
[Site "Winnipeg CAN"]
[Date "2022.12.06"]
[Round "1.2"]
[White "Boron, Anthony"]
[Black "Remillard, John"]
[Result "1-0"]
[WhiteElo "2016"]
[BlackElo "1566"]
[PlyCount "45"]
[EventDate "2022.12.06"]
[EventType "swiss"]
[EventRounds "4"]
[EventCountry "CAN"]

1. d4 c5 2. d5 g6 3. Nc3 Bg7 4. e4 e6 5. Nf3 Ne7 6. Bg5 f6 7. Be3 d6 8. Bb5+
Kf7 9. Bc4 e5 10. Qd2 h6 11. h4 a6 12. a4 f5 13. Qe2 Bf6 14. Bxc5 dxc5 15. d6+
Be6 16. Bxe6+ Kxe6 17. Qc4+ Kd7 18. dxe7 Kxe7 19. Qxc5+ Ke8 20. Nd5 Nc6 21.
O-O-O Kf7 22. Nb6 Qe7 23. Rd7 1-0

[Event "Zoltan Bodnar mem."]
[Site "Winnipeg CAN"]
[Date "2022.12.06"]
[Round "1.3"]
[White "Aiello, Mick"]
[Black "Rutter, Blair"]
[Result "1-0"]
[WhiteElo "1555"]
[BlackElo "1887"]
[PlyCount "134"]
[EventDate "2022.12.06"]
[EventType "swiss"]
[EventRounds "4"]
[EventCountry "CAN"]

1. e4 e6 2. b3 c5 3. Bb2 Nc6 4. Bb5 Nge7 5. Ne2 d6 6. O-O Qb6 7. Bxc6+ Nxc6 8.
d3 e5 9. Nd2 Be7 10. Nc4 Qd8 11. a4 O-O 12. h3 f5 13. f4 Nd4 14. fxe5 dxe5 15.
Nxe5 Bf6 16. Nc4 Nxe2+ 17. Qxe2 Bxb2 18. Nxb2 Qd4+ 19. Kh1 Qxb2 20. exf5 Bd7
21. Rab1 Qf6 22. Qe4 Bc6 23. Qc4+ Kh8 24. Qxc5 Rac8 25. Qxa7 Qh4 26. Kh2 Qg5
27. Qg1 Rxf5 28. Rxf5 Qxf5 29. Rf1 Qe5+ 30. Kh1 h6 31. Qf2 Re8 32. d4 Qh5 33.
Qf5 Qe2 34. Qf2 Qe4 35. c4 Bd7 36. Qf3 Qxd4 37. Qxb7 Qd3 38. Qf3 Qd6 39. Qd5
Qe7 40. Qf7 Qe2 41. Qf2 Qd3 42. Qf3 Re3 43. Qd1 Rxh3+ 44. Kg1 Qe3+ 45. Rf2 Rh4
46. Qd2 Qe7 47. Re2 Qf7 48. Qd5 Rf4 49. Qxf7 Rxf7 50. a5 Rf6 51. Ra2 Ra6 52. b4
Be6 53. b5 Ra8 54. Ra4 Bxc4 55. Rxc4 Rxa5 56. Rb4 Ra8 57. b6 Rb8 58. Kf2 Kg8
59. Ke3 Kf7 60. Kd4 Ke7 61. Kc5 Rc8+ 62. Kb5 Kd7 63. b7 Rb8 64. Ka6 Ke6 65. Ka7
Rxb7+ 66. Rxb7 Kf6 67. Rb5 g5 1-0

[Event "Zoltan Bodnar mem."]
[Site "Winnipeg CAN"]
[Date "2022.12.06"]
[Round "1.4"]
[White "Letain, Cory"]
[Black "Klusa, Mark"]
[Result "1/2-1/2"]
[WhiteElo "1778"]
[BlackElo "1548"]
[PlyCount "58"]
[EventDate "2022.12.06"]
[EventType "swiss"]
[EventRounds "4"]
[EventCountry "CAN"]

1. e4 c5 2. Nf3 Nc6 3. d4 cxd4 4. Nxd4 g6 5. Nc3 Bg7 6. Be3 Nf6 7. f3 O-O 8.
Qd2 Nxd4 9. Bxd4 d5 10. O-O-O dxe4 11. Qe3 Qa5 12. Kb1 Be6 13. a3 Rfd8 14. Be2
Nd5 15. Nxd5 Qxd5 16. c3 Qa2+ 17. Kc1 Bb3 18. Qxe4 e5 19. Be3 Qa1+ 20. Qb1
Qxb1+ 21. Kxb1 Bxd1 22. Rxd1 Rxd1+ 23. Bxd1 Rd8 24. Kc2 b6 25. Be2 f5 26. Bg5
Rd6 27. c4 Kf7 28. Be3 Ke6 29. c5 Rc6 1/2-1/2

[Event "Zoltan Bodnar mem."]
[Site "Winnipeg CAN"]
[Date "2022.12.06"]
[Round "1.5"]
[White "Aiello, Pietro"]
[Black "Minano, John"]
[Result "0-1"]
[WhiteElo "1524"]
[BlackElo "1766"]
[PlyCount "52"]
[EventDate "2022.12.06"]
[EventType "swiss"]
[EventRounds "4"]
[EventCountry "CAN"]

1. e4 c5 2. Nf3 d6 3. Bb5+ Bd7 4. Bxd7+ Nxd7 5. d4 cxd4 6. Nxd4 Ngf6 7. Nc3 a6
8. O-O e6 9. Re1 Be7 10. f4 O-O 11. e5 dxe5 12. fxe5 Ne8 13. Kh1 Qc7 14. Qe2
Rc8 15. Qe3 Nb6 16. Qg3 Nc4 17. b3 Nxe5 18. Bf4 Qxc3 19. Bxe5 Qxg3 20. Bxg3 Bb4
21. Re2 Nf6 22. Be1 Bxe1 23. Raxe1 Rc3 24. Rd1 Rfc8 25. Red2 Kf8 26. h3 Ne4 {
Black won in 45 moves.} 0-1

[Event "Zoltan Bodnar mem."]
[Site "Winnipeg CAN"]
[Date "2022.12.06"]
[Round "1.6"]
[White "Einarsson, Ken"]
[Black "Odeyemi, Emmanuel"]
[Result "0-1"]
[WhiteElo "1747"]
[BlackElo "1477"]
[PlyCount "88"]
[EventDate "2022.12.06"]
[EventType "swiss"]
[EventRounds "4"]
[EventCountry "CAN"]

1. d4 d5 2. c4 e6 3. Nc3 Nf6 4. Bg5 Bb4 5. cxd5 exd5 6. Nf3 O-O 7. e3 Be6 8.
Be2 c5 9. dxc5 Bxc5 10. O-O Nc6 11. Bxf6 Qxf6 12. a3 a6 13. Rc1 Ba7 14. b4 Rfd8
15. Na4 d4 16. exd4 Nxd4 17. Nxd4 Bxd4 18. Qc2 Rac8 19. Qb1 Rxc1 20. Qxc1 Rc8
21. Qd2 h6 22. b5 Bc4 23. bxa6 bxa6 24. Bxc4 Rxc4 25. Rb1 Rxa4 26. Qc2 Qxf2+
27. Qxf2 Bxf2+ 28. Kxf2 Rxa3 29. Rb8+ Kh7 30. Rb7 f6 31. Rb2 g5 32. h3 Kg6 33.
Rc2 a5 34. Ke2 h5 35. Kd2 Rg3 36. Ke1 a4 37. Kf2 Rb3 38. Ra2 a3 39. Kg1 f5 40.
Kh1 h4 41. Kg1 g4 42. hxg4 fxg4 43. Kh1 Kf5 44. Kg1 g3 0-1

[Event "Zoltan Bodnar mem."]
[Site "Winnipeg CAN"]
[Date "2022.12.06"]
[Round "1.7"]
[White "Roberts, Allan"]
[Black "Charter, Bennet"]
[Result "0-1"]
[WhiteElo "1426"]
[BlackElo "1746"]
[PlyCount "62"]
[EventDate "2022.12.06"]
[EventType "swiss"]
[EventRounds "4"]
[EventCountry "CAN"]

1. d4 d5 2. c4 c6 3. Nf3 e6 4. Nc3 dxc4 5. a4 Bb4 6. e3 b5 7. axb5 cxb5 8. Bd2
Bxc3 9. Bxc3 Bb7 10. b3 a5 11. bxc4 b4 12. Bd2 Nf6 13. Ne5 O-O 14. Be2 Nbd7 15.
Nxd7 Qxd7 16. O-O Rfb8 17. Bf3 Ne4 18. Qc2 Nxd2 19. Bxb7 Nxf1 20. Bxa8 Nxe3 21.
fxe3 Rxa8 22. Ra4 g6 23. Qa2 Qd6 24. Qc2 Qb6 25. Qb3 Rc8 26. Kh1 Qa6 27. Qa2
Qxc4 28. Qxc4 Rxc4 29. Kg1 Rc1+ 30. Kf2 b3 31. Rxa5 b2 0-1

[Event "Zoltan Bodnar mem."]
[Site "Winnipeg CAN"]
[Date "2022.12.06"]
[Round "1.8"]
[White "Stordeur, Jackson"]
[Black "Trueman, Francis"]
[Result "1-0"]
[WhiteElo "1737"]
[BlackElo "1423"]
[PlyCount "56"]
[EventDate "2022.12.06"]
[EventType "swiss"]
[EventRounds "4"]
[EventCountry "CAN"]

1. e4 d6 2. d4 Nf6 3. Nc3 g6 4. Nf3 Bg7 5. Be2 O-O 6. O-O c6 7. h3 Re8 8. Be3
Qc7 9. Qd2 e5 10. dxe5 dxe5 11. Rad1 Nbd7 12. a4 a5 13. Bc4 Nf8 14. Bc5 Ne6 15.
Bd6 Qd8 16. Nxe5 Bf8 17. Bxf8 Qxd2 18. Rxd2 Rxf8 19. Rfd1 Ra7 20. Kf1 h5 21.
Ke2 g5 22. g3 h4 23. Ke3 Kg7 24. gxh4 gxh4 25. Rg1+ Kh6 26. f4 Nh5 27. f5 Ng5
28. Rg4 Ng3 1-0

[Event "Zoltan Bodnar mem."]
[Site "Winnipeg CAN"]
[Date "2022.12.06"]
[Round "1.9"]
[White "Zhang, Bryan"]
[Black "MacPherson, Al"]
[Result "0-1"]
[WhiteElo "1293"]
[BlackElo "1704"]
[PlyCount "74"]
[EventDate "2022.12.06"]
[EventType "swiss"]
[EventRounds "4"]
[EventCountry "CAN"]

1. e4 c5 2. Nf3 d6 3. d4 cxd4 4. Nxd4 Nf6 5. Nc3 a6 6. Bc4 e6 7. Bg5 Be7 8. O-O
Qc7 9. Bb3 Nc6 10. Nf3 b5 11. Qd2 b4 12. Ne2 Nxe4 13. Qe3 Nxg5 14. Nxg5 h6 15.
Nf3 a5 16. Ned4 Nxd4 17. Qxd4 Bf6 18. Qe4 Bb7 19. Ba4+ Ke7 20. Qe3 Bxb2 21.
Rab1 Bc3 22. Nd4 Bxd4 23. Qxd4 Qc5 24. Qh4+ Qg5 25. Qh3 Rhc8 26. f3 Rc3 27.
Rbe1 Bd5 28. Qg3 Qxg3 29. hxg3 Bxa2 30. Rf2 Rac8 31. Rd2 b3 32. cxb3 Bxb3 33.
Bxb3 Rxb3 34. Red1 d5 35. Ra1 Ra8 36. Rda2 Rb5 37. Kf2 Kd6 0-1

[Event "Zoltan Bodnar mem."]
[Site "Winnipeg CAN"]
[Date "2022.12.06"]
[Round "1.10"]
[White "Pearce, Thomas"]
[Black "Dhillon, Iqvinder"]
[Result "0-1"]
[WhiteElo "1642"]
[BlackElo "1196"]
[PlyCount "58"]
[EventDate "2022.12.06"]
[EventType "swiss"]
[EventRounds "4"]
[EventCountry "CAN"]

1. d4 f5 2. c4 e6 3. Nf3 Nf6 4. Nc3 d5 5. Bg5 c6 6. c5 Nbd7 7. e3 Be7 8. h3 Ne4
9. Bxe7 Qxe7 10. Be2 O-O 11. O-O e5 12. Nxe4 fxe4 13. Nh2 Qg5 14. Bg4 Nf6 15.
Bxc8 Raxc8 16. a4 Rf7 17. b4 Rcf8 18. Qd2 exd4 19. Qxd4 Nd7 20. Ra2 Ne5 21. g3
Nf3+ 22. Nxf3 Rxf3 23. Kg2 R8f6 24. Rg1 Qf5 25. g4 Rxf2+ 26. Rxf2 Qxf2+ 27. Kh1
Rf3 28. Rg2 Rxh3+ 29. Rh2 Rxh2# 0-1